• 首页
  • 本馆介绍
  • 公告通知
  • 最新文献
  • 馆藏检索
  • 电子资源
  • 读者导购
  • 参考咨询
  • 我的图书馆
  • 登录
  • 详细信息显示
  • 放入我的书架
  • 预约/预借图书
  • 作者相关作品
  • 分类相关作品
  • 丛书相关作品
  • 出版社相关作品

书目信息

  • 表格格式
  • 工作单格式
  • 卡片格式
题名:
城市森林廊道建设理论与实践
    
 
作者: 费世民 著
分册:  
出版信息: 北京   中国林业出版社  2017.11
页数: 360页
开本: 26cm
丛书名:
单 册:
中图分类: S731.2
科图分类:
主题词: 城市林--廊道--基础设施建设--研究--中国
电子资源:
ISBN: 978-7-5038-9384-1
000 01204nam0 2200241 450
001 1179
005 20180927145007.72
010    @a978-7-5038-9384-1@dCNY98.00
100    @a20180217d2017 em y0chiy50 ea
101 0  @achi
102    @aCN@b110000
105    @aa z 000yy
200 1  @a城市森林廊道建设理论与实践@9cheng shi sen lin lang dao jian she li lun yu shi jian@f费世民等著
210    @a北京@c中国林业出版社@d2017.11
215    @a360页@c图@d26cm
304    @a著者还有:徐嘉、孟长来、张艳丽、张锡九、鲍方
330    @a本书在总结目前国内外城市森林相关研究与实践的基础上,从景观生态学角度,基于城乡一体化的生态景观,首次提出了城区到山区的“城区—郊区—山区”贯通式森林廊道概念,突破城区森林“绿肺”建设的局限,更加强调森林廊道的功能,构建城乡贯通性、扩散性森林“绿脉”廊道;创新引入“近自然森林”理论以及道路生态学、河流生态学等相关理论,系统阐述了城市廊道景观、城市廊道绿化、城市森林廊道特征及其功能作用;并提出了贯通城乡的道路、河流森林廊道建设技术及其模式。
333    @a河流森林廊道建设技术研究者及相关读者。
606 0  @a城市林@x廊道@x基础设施建设@x研究@y中国
690    @aS731.2@v5
701  0 @a费世民@9fei shi min@4著
801  0 @aCN@b91MARC@c20180217
905    @aMuseLib@dS731.2@e107
    
    城市森林廊道建设理论与实践/费世民等著.-北京:中国林业出版社,2017.11
    360页:图;26cm
    使用对象:河流森林廊道建设技术研究者及相关读者。
    
    ISBN 978-7-5038-9384-1:CNY98.00
    本书在总结目前国内外城市森林相关研究与实践的基础上,从景观生态学角度,基于城乡一体化的生态景观,首次提出了城区到山区的“城区—郊区—山区”贯通式森林廊道概念,突破城区森林“绿肺”建设的局限,更加强调森林廊道的功能,构建城乡贯通性、扩散性森林“绿脉”廊道;创新引入“近自然森林”理论以及道路生态学、河流生态学等相关理论,系统阐述了城市廊道景观、城市廊道绿化、城市森林廊道特征及其功能作用;并提出了贯通城乡的道路、河流森林廊道建设技术及其模式。
●
相关链接 在E读中查询图书 在五车中查询图书 在当当中查询图书 在豆瓣中查询图书


正题名:城市森林廊道建设理论与实践     索取号:S731.2/107         预约/预借

序号 登录号 条形码 馆藏地/架位号 状态 备注
1 1121549   211215497   第二样本阅览室/ [索取号:S731.2/107] 在馆    
2 1121550   211215503   生命科学系资料室/ [索取号:S731.2/107] 在馆    
3 1121551   211215512   第三借阅区/ [索取号:S731.2/107] 在馆    
4 1121552   211215521   第三借阅区/ [索取号:S731.2/107] 在馆    
5 1121553   211215530   第三借阅区/ [索取号:S731.2/107] 在馆    
唐山师范学院图书馆 欢迎您!
大连网信软件有限公司© 版权所有